| 000 | 01858nam0a2200385 4500 | ||
|---|---|---|---|
| 001 | RU\NLR\bibl\1221096 | ||
| 005 | 20260405060551.0 | ||
| 010 |
_a978-5-9576-0402-0 _97000 |
||
| 021 |
_aRU _b2008-15536 _9845 |
||
| 035 | _a(NLR Aleph) 001207448 | ||
| 090 |
_a56655 _c56655 |
||
| 100 | _a20080428d2008 |||y0rusy50 ca | ||
| 101 | 0 |
_arus _aeng |
|
| 102 | _aRU | ||
| 105 | _ay ||||||||| | ||
| 200 | 1 |
_aНовый большой русско-английский словарь _dNew comprehensive russian-english dictionary _eоколо 110 000 слов и словосочетаний _fД.И. Ермолович, Т.М. Красавина _gпод общ. руководством проф. Д.И. Ермоловича _zeng |
|
| 205 | _a3-е изд., испр. | ||
| 210 |
_aМосква _cРусский язык Медиа _d2008 |
||
| 215 |
_aXXXVI,1098 с. _d27 |
||
| 300 | _aАвт. также на англ. яз.: D.I. Yermolovich, T.M. Krasavina | ||
| 300 | _aНа обл. авт. не указаны | ||
| 510 | 0 |
_6z55790 _aNew comprehensive russian-english dictionary _zeng |
|
| 606 | 0 |
_aРусский язык _xСловари _xАнглийский язык _91536876 _3RU\NLR\auth\66971036 |
|
| 686 | _aШ141.12-481 | ||
| 686 | _aШ143.21-482 | ||
| 700 | 1 |
_4070 _8rus _7ca _aЕрмолович _bД. И. _f1952- _gДмитрий Иванович _3RU\NLR\auth\7719844 _92915 |
|
| 701 | 1 |
_4070 _8rus _7ca _aКрасавина _bТ. М. _gТатьяна Михайловна _3RU\NLR\auth\7719847 _92918 |
|
| 790 | 1 |
_4070 _8rus _7ba _aErmolovič _bD. I. _f1952- _gDmitrij Ivanovič _3RU\NLR\auth\7719846 _92917 |
|
| 790 | 1 |
_4070 _8rus _7ba _aKrasavina _bT. M. _gTat'jana Michajlovna _3RU\NLR\auth\7719849 _92920 |
|
| 801 | 0 |
_aRU _bNLR _c20040513 _gPSBO |
|
| 801 | 1 |
_aRU _bNLR _c20040513 |
|
| 830 | _aАвт. по кн. | ||
| 942 | _cBOOK | ||
| 980 | _aNB | ||